BIBLIOTECA PODER JUDICIAL
Portal Judicial TDF

La defensa y las costas en los procesos de determinación de la capacidad jurídica / (Registro nro. 6073)

000 -LEADER
fixed length control field 01189nab a22002537a 4500
003 - CONTROL NUMBER IDENTIFIER
control field OSt
005 - DATE AND TIME OF LATEST TRANSACTION
control field 20260121012449.0
008 - FIXED-LENGTH DATA ELEMENTS--GENERAL INFORMATION
fixed length control field 190514b xxu||||| |||| 00| 0 spa d
040 ## - CATALOGING SOURCE
Transcribing agency PJ
100 ## - MAIN ENTRY--PERSONAL NAME
9 (RLIN) 6848
Personal name Fernández Mele, Soledad
245 13 - TITLE STATEMENT
Title La defensa y las costas en los procesos de determinación de la capacidad jurídica /
Statement of responsibility, etc Soledad Fernández Mele.
300 ## - PHYSICAL DESCRIPTION
Extent p. 202-211
500 ## - GENERAL NOTE
General note Cita: TR LALEY AR/DOC/988/2024.
505 ## - FORMATTED CONTENTS NOTE
Formatted contents note Sumario: I. Introducción.— II. Los agravios y su contestación.— III. La decisión.— IV. El rol del abogado.— V. Las costas.
505 ## - FORMATTED CONTENTS NOTE
Title Fallo comentado: CApel. Dist. Norte de Tierra del Fuego, Antártida e Islas del Atlántico Sur, Sala Civ. Com. Trab ~ 14/11/2023 ~ L. K. D. c. L. J. s/ restricción a la capacidad.
650 #0 - SUBJECT ADDED ENTRY--TOPICAL TERM
9 (RLIN) 967
Topical term or geographic name as entry element DERECHO DE FAMILIA
650 #0 - SUBJECT ADDED ENTRY--TOPICAL TERM
9 (RLIN) 2342
Topical term or geographic name as entry element CAPACIDAD
650 #0 - SUBJECT ADDED ENTRY--TOPICAL TERM
9 (RLIN) 586
Topical term or geographic name as entry element DEFENSA EN JUICIO
650 #0 - SUBJECT ADDED ENTRY--TOPICAL TERM
9 (RLIN) 2533
Topical term or geographic name as entry element COSTAS
650 #0 - SUBJECT ADDED ENTRY--TOPICAL TERM
9 (RLIN) 1057
Topical term or geographic name as entry element JURISPRUDENCIA APLICABLE
651 #0 - SUBJECT ADDED ENTRY--GEOGRAPHIC NAME
9 (RLIN) 2403
Geographic name TIERRA DEL FUEGO
773 0# - HOST ITEM ENTRY
Host Biblionumber 2844
Host Itemnumber 3222
Place, publisher, and date of publication Buenos Aires : AbeledoPerrot, 1989-
Title Derecho de familia. Revista Interdisciplinaria de doctrina y jurisprudencia. Junio 2024-III.
International Standard Book Number 18511201
942 ## - ADDED ENTRY ELEMENTS (KOHA)
Source of classification or shelving scheme
Koha item type Analítica Artículo de Revista

No hay ítems disponibles.

12 de Octubre 789 Ushuaia - Tel:  54(02901)441571
Horario de Atención: 8.00 a 17.00 hs. 
bibliotecaush@justierradelfuego.gov.ar
koha@justierradelfuego.gov.ar
Seguinos en nuestras redes @bibliojustdf 

Con tecnología Koha